| 000 | 01426nam a2200409 i 4500 | ||
|---|---|---|---|
| 001 | 12006 | ||
| 003 | KOSZ 005 | ||
| 005 | 20221206145416.0 | ||
| 008 | 071102s1966 pl g 001 0 pol | ||
| 015 | _aPB 1966/8489 | ||
| 040 |
_aWA N _cWA N _dKOSZ 005/KK _dKOSZ 005/HR |
||
| 041 | 0 |
_apol _beng _brus |
|
| 046 | _k1966 | ||
| 080 | _a17 | ||
| 100 | 1 |
_aŻyro, Emilia _eAutor |
|
| 245 | 1 | 0 |
_aPojęcie sprawiedliwości u Karola Marksa / _cEmilia Żyro. |
| 260 |
_aWarszawa : _b"Książka i Wiedza", _c1966. |
||
| 300 |
_a185, [3] s. ; _c23 cm. |
||
| 336 |
_2rdacontent _aTekst _btxt |
||
| 337 |
_2rdamedia _aBez urządzenia pośredniczącego _bn |
||
| 338 |
_2rdacarrier _aWolumin _bnc |
||
| 380 | _aKsiążki | ||
| 388 | _a1901-2000 | ||
| 388 | _a1945-1989 | ||
| 490 | 1 |
_aBiblioteka Studiów nad Marksizmem _v10. |
|
| 500 | _aZawiera częśc.: Dzieła Karola Marksa ; Prace pisane wspólnie z F. Engelsem. [Spisy] | ||
| 504 | _aBibliogr. s.159-168 | ||
| 546 | _aStreszcz. ang., ros. | ||
| 600 | 1 | 4 |
_aMarx, Karl _d(1818-1883) |
| 648 | 4 | _a1801-1900 | |
| 650 | 4 | _aEtyka | |
| 658 | _aFilozofia i etyka | ||
| 710 | 2 |
_aSpółdzielnia Wydawniczo-Handlowa "Książka i Wiedza" _4pbl. |
|
| 830 | 0 |
_aBiblioteka Studiów nad Marksizmem _v10 |
|
| 856 |
_uhttp://koha.tu.koszalin.pl/cgi-bin/koha/opac-detail.pl?biblionumber=12006 _yKatalog online BPK |
||
| 942 |
_2UKD _cKS |
||
| 999 |
_c12006 _d12006 |
||